000 00609nam a22001937a 4500
005 20240925122423.0
010 _aENG-141760
020 _a9789356845398
_c399.00
035 _aEN-125292
037 _bDBAD
082 _a796.350
100 _aDhamnani, Vinay
_971942
245 _aLBW:
_cBy Vinay Dhamnani
_bLove By World Cup
250 _a1
260 _aNew Delhi
_bDiamond Pocket Books
_c2024
270 _aX- 30, Okhla Industrial Area, Phase-II
_bNew Delhi
_e110020
_mwecare@diamondbooks.in
_k011-40712100
_k011-41611861
300 _a332p.
_c22cm(pb)
942 _2ddc
_cEN
_h796.350
_mDHA
999 _c205876
_d205876